[Event "Rated Blitz tournament ZQJjUVIu"]
[Site "?"]
[Date "2021.07.14"]
[Round "?"]
[White "bonbonchristhov"]
[Black "Maltinho"]
[Result "0-1"]
[WhiteElo "2395"]
[BlackElo "2522"]
[PlyCount "86"]
[EventDate "2021.??.??"]
[EventType "blitz"]

1. e4 e5 2. Nf3 d5 3. d4 dxe4 4. Nxe5 Bd6 5. Nc4 Nf6 6. Bg5 O-O 7. Nc3 Nc6 8.
a3 Bf5 9. Ne3 Bg6 10. h4 h6 11. h5 Bh7 12. Bh4 Re8 13. d5 Ne5 14. Qd4 a6 15.
O-O-O b5 16. Be2 Qe7 17. g4 Bc5 18. Qd2 Bxa3 19. g5 hxg5 20. Bxg5 Bb4 21. Rdg1
Qd6 22. h6 g6 23. Kb1 Nfd7 24. Bf4 Kh8 25. Ng4 f5 26. Nxe5 Nxe5 27. Qd4 Bc5 28.
Qd2 Qf6 29. Bd1 Nc4 30. Qc1 Bd4 31. Bg5 Qf8 32. Be3 Bf6 33. Be2 Qb4 34. Bxc4
bxc4 35. Qd2 Rab8 36. Nd1 c3 37. Qe2 cxb2 38. Qxa6 Be5 39. c3 Qb3 40. Rxg6 Bxg6
41. Qxg6 Qa2+ 42. Kxa2 b1=Q+ 43. Ka3 Qb3# {Normal} 0-1

[Event "Rated Blitz game"]
[Site "?"]
[Date "2021.07.14"]
[Round "?"]
[White "KingsGambit17"]
[Black "Tamago"]
[Result "1-0"]
[WhiteElo "2366"]
[BlackElo "2405"]
[PlyCount "103"]
[EventDate "2021.??.??"]
[EventType "blitz"]

1. e4 e5 2. Nf3 d5 3. Nxe5 Bd6 4. d4 dxe4 5. Bc4 Bxe5 6. Qh5 Qe7 7. Qxe5 Qxe5
8. dxe5 Nc6 9. Nc3 Nxe5 10. Bb3 Bf5 11. Bf4 Ng6 12. Bxc7 N8e7 13. O-O-O Rc8 14.
Bd6 O-O 15. Rhe1 Rfd8 16. Nxe4 Nc6 17. Ng3 Bg4 18. f3 Bd7 19. Ne4 b6 20. Ng5
Be8 21. Rxe8+ Rxe8 22. Bxf7+ Kh8 23. Bxe8 Rxe8 24. Bg3 h6 25. Rd6 Nge5 26. Ne4
Nb4 27. a3 Na6 28. Rd7 Nc5 29. Nxc5 Nxd7 30. Nxd7 Re2 31. Bb8 Re7 32. Bxa7 Rxd7
33. Bxb6 Rd6 34. Bc5 Rd5 35. b4 Kg8 36. c4 Rd3 37. Kc2 Rxa3 38. Kb2 Ra8 39. Kc3
Kf7 40. b5 Ke6 41. g4 g6 42. h4 h5 43. gxh5 gxh5 44. Be3 Kd7 45. Kd4 Rf8 46. f4
Kc7 47. c5 Kb7 48. Kc4 Re8 49. c6+ Kc7 50. Bd4 Re4 51. Kc5 Kc8 52. b6 {Time
forfeit} 1-0

[Event "Rated Blitz tournament 1jhjli3A"]
[Site "?"]
[Date "2021.07.14"]
[Round "?"]
[White "Shahinyan_ChessMood"]
[Black "dr_xStranger"]
[Result "1-0"]
[WhiteElo "2642"]
[BlackElo "2551"]
[PlyCount "67"]
[EventDate "2021.??.??"]
[EventType "blitz"]

1. e4 e5 2. Nf3 d5 3. exd5 e4 4. Qe2 Nf6 5. Nc3 Be7 6. Nxe4 O-O 7. d3 Re8 8.
Be3 Nxd5 9. O-O-O f5 10. Bd4 fxe4 11. dxe4 Nf4 12. Qe3 Bg5 13. Kb1 Ne6 14. Qb3
Qe7 15. Bc4 Bh6 16. g4 Bf4 17. g5 Nc6 18. Bc3 Kh8 19. h4 a5 20. h5 Nc5 21. Qa3
Nxe4 22. h6 Nxc3+ 23. Qxc3 Be5 24. Nxe5 Qxe5 25. Rhe1 Bg4 26. Rxe5 Nxe5 27. Re1
Rad8 28. a3 Rd1+ 29. Rxd1 Bxd1 30. hxg7+ Kxg7 31. f4 Bg4 32. fxe5 Kg6 33. e6
Kxg5 34. Qg7+ {Normal} 1-0

[Event "Rated Blitz game"]
[Site "?"]
[Date "2021.07.14"]
[Round "?"]
[White "Hamedpp765g5"]
[Black "FourNinetySix"]
[Result "1-0"]
[WhiteElo "2436"]
[BlackElo "2499"]
[PlyCount "61"]
[EventDate "2021.??.??"]
[EventType "blitz"]

1. e4 e5 2. Nf3 d5 3. exd5 Bd6 4. d4 e4 5. Nfd2 Nf6 6. c4 c5 7. dxc5 Bxc5 8.
Nb3 Bb4+ 9. Bd2 Bxd2+ 10. Qxd2 O-O 11. Be2 e3 12. fxe3 Ne4 13. Qd4 Re8 14. O-O
Nd7 15. N1d2 Ndf6 16. Bd3 Nxd2 17. Nxd2 Qe7 18. Rae1 Qb4 19. Rxf6 gxf6 20. Rf1
f5 21. Bxf5 Bxf5 22. Rxf5 Qe7 23. Ne4 Qxe4 24. Rg5+ Qg6 25. Rxg6+ hxg6 26. c5
Re7 27. d6 Re6 28. Qd5 Rc8 29. d7 Rd8 30. Qxb7 Rxe3 31. Qc8 {Normal} 1-0

[Event "Rated Blitz game"]
[Site "?"]
[Date "2021.07.14"]
[Round "?"]
[White "Iva_Videnova"]
[Black "Type_Smart"]
[Result "0-1"]
[WhiteElo "2449"]
[BlackElo "2323"]
[PlyCount "84"]
[EventDate "2021.??.??"]
[EventType "blitz"]

1. e4 e5 2. Nf3 d5 3. exd5 e4 4. Qe2 Nf6 5. Nc3 Be7 6. Nxe4 Nxd5 7. Qd1 O-O 8.
Be2 c5 9. O-O Nc6 10. d4 Bf5 11. Ng3 Bg6 12. c4 Ndb4 13. d5 Nd4 14. Nxd4 cxd4
15. a3 Nc2 16. Ra2 Qa5 17. b3 Qc3 18. Bh5 Qxb3 19. Bxg6 Qxa2 20. Qxc2 Qxc2 21.
Bxc2 Rac8 22. Bd3 b5 23. cxb5 Rc3 24. Rd1 Bxa3 25. Bxa3 Rxa3 26. Nf5 g6 27.
Nxd4 Rd8 28. Nc6 Rd7 29. g3 Kg7 30. Be2 Ra2 31. Kf1 Rc2 32. d6 a6 33. Ne5 Rd8
34. bxa6 Rc5 35. Nf3 Rc6 36. a7 Rcc8 37. d7 Ra8 38. Bb5 Rxa7 39. Ne5 Rb7 40.
Nc6 Rdxd7 41. Rxd7 Rxd7 42. Be2 Rc7 {Time forfeit} 0-1

[Event "Rated Blitz game"]
[Site "?"]
[Date "2021.07.14"]
[Round "?"]
[White "Ayosi"]
[Black "FourNinetySix"]
[Result "0-1"]
[WhiteElo "2396"]
[BlackElo "2497"]
[PlyCount "74"]
[EventDate "2021.??.??"]
[EventType "blitz"]

1. e4 e5 2. Nf3 d5 3. Nxe5 Bd6 4. d4 dxe4 5. Nc4 Nf6 6. Nxd6+ Qxd6 7. Be2 Nc6
8. c3 h5 9. Bg5 Bg4 10. Nd2 O-O-O 11. h3 Bxe2 12. Qxe2 e3 13. fxe3 Qg3+ 14. Qf2
Qxg5 15. O-O Rhe8 16. Rae1 Ne4 17. Nxe4 Rxe4 18. Qf5+ Qxf5 19. Rxf5 f6 20. Rxh5
Rde8 21. Kf2 b6 22. Rf5 Na5 23. b3 Nb7 24. c4 c5 25. d5 Nd6 26. Rf3 R4e5 27.
Ke2 Ne4 28. Kd3 Kc7 29. Rf4 g5 30. Rf3 f5 31. Ref1 Nd6 32. Rg3 R8e7 33. Rgf3 g4
34. hxg4 fxg4 35. Rg3 Nf5 36. Rxg4 Nxe3 37. Rff4 Nxg4 {Normal} 0-1

[Event "Rated Blitz game"]
[Site "?"]
[Date "2021.07.14"]
[Round "?"]
[White "Zadokhlik"]
[Black "Michael_Watts"]
[Result "1-0"]
[WhiteElo "2491"]
[BlackElo "2312"]
[PlyCount "33"]
[EventDate "2021.??.??"]
[EventType "blitz"]

1. e4 e5 2. Nf3 d5 3. exd5 e4 4. Ne5 Qxd5 5. d4 exd3 6. Nxd3 Nf6 7. Nc3 Qf5 8.
Be2 Bd6 9. O-O O-O 10. Bf3 Nc6 11. h3 Bd7 12. Be3 Rfe8 13. Re1 Qg6 14. Kh1 Nh5
15. Bxh5 Qf6 16. Bg4 Bxg4 17. Qxg4 {Normal} 1-0

[Event "Rated Blitz game"]
[Site "?"]
[Date "2021.07.14"]
[Round "?"]
[White "CraZyAlchemist"]
[Black "JakobVangGlud"]
[Result "1-0"]
[WhiteElo "2534"]
[BlackElo "2568"]
[PlyCount "101"]
[EventDate "2021.??.??"]
[EventType "blitz"]

1. e4 e5 2. Nf3 d5 3. exd5 Bd6 4. Nc3 Nf6 5. d3 O-O 6. Bg5 h6 7. Bxf6 Qxf6 8.
Be2 Qg6 9. Qd2 f5 10. O-O-O a6 11. Kb1 b5 12. Nh4 Qf6 13. g3 Bb7 14. Bf3 Nd7
15. a3 Nb6 16. Rhe1 b4 17. axb4 Bxb4 18. d4 e4 19. Bxe4 fxe4 20. Nxe4 Bxd2 21.
Nxf6+ Rxf6 22. Rxd2 Bxd5 23. f4 Rff8 24. Ng6 Rfe8 25. Ne5 Nc4 26. Rde2 Nxe5 27.
dxe5 a5 28. Re3 a4 29. Rd1 c6 30. Rd4 Reb8 31. Ka1 Kf7 32. f5 Ke7 33. c4 Rb4
34. Rc3 Rf8 35. g4 h5 36. h3 hxg4 37. hxg4 Rh8 38. Ka2 Rh2 39. Ka3 Rhxb2 40.
cxd5 Rxd4 41. d6+ Kd7 42. Kxb2 Rxg4 43. Re3 Rb4+ 44. Ka3 Rb8 45. Kxa4 Rf8 46.
Ka5 Rxf5 47. Kb6 Rf8 48. Kc5 Re8 49. e6+ Kd8 50. Kxc6 Rh8 51. Ra3 {Normal} 1-0

[Event "Rated Blitz tournament 1jhjli3A"]
[Site "?"]
[Date "2021.07.14"]
[Round "?"]
[White "Workfull_WK"]
[Black "dr_xStranger"]
[Result "0-1"]
[WhiteElo "2272"]
[BlackElo "2544"]
[PlyCount "32"]
[EventDate "2021.??.??"]
[EventType "blitz"]

1. e4 e5 2. Nf3 d5 3. Qe2 Nf6 4. d3 dxe4 5. dxe4 Nc6 6. Nc3 Bb4 7. Bd2 O-O 8.
O-O-O Bxc3 9. Bxc3 Qe7 10. Kb1 Be6 11. h3 Rfd8 12. Rxd8+ Rxd8 13. Nxe5 Nxe4 14.
Nxc6 Nxc3+ 15. bxc3 bxc6 16. Ka1 Qa3 {Normal} 0-1

[Event "Rated Blitz game"]
[Site "?"]
[Date "2021.07.14"]
[Round "?"]
[White "specialsunflower"]
[Black "ahoramahora"]
[Result "1-0"]
[WhiteElo "2507"]
[BlackElo "2373"]
[PlyCount "65"]
[EventDate "2021.??.??"]
[EventType "blitz"]

1. e4 e5 2. Nf3 d5 3. exd5 e4 4. Nd4 Qxd5 5. Nb3 Qe5 6. Nc3 Nf6 7. Be2 Nc6 8.
d4 exd3 9. Qxd3 Bf5 10. Qb5 O-O-O 11. Be3 Qxb5 12. Nxb5 Nb4 13. Nxa7+ Kb8 14.
O-O Nxc2 15. Rac1 Nxe3 16. fxe3 Be4 17. Nb5 Bd6 18. Nxd6 Rxd6 19. Nd4 Rhd8 20.
h3 c6 21. Bf3 Bd3 22. Rfd1 Ba6 23. Nf5 Rxd1+ 24. Rxd1 Rxd1+ 25. Bxd1 Bc4 26. b3
Bd5 27. Nxg7 Ne4 28. Bc2 Nc3 29. Bxh7 Nxa2 30. Bc2 Nc1 31. h4 Nxb3 32. h5 Na1
33. h6 {Normal} 1-0

[Event "Rated Blitz game"]
[Site "?"]
[Date "2021.07.14"]
[Round "?"]
[White "good_knight_kisses"]
[Black "Michael_Watts"]
[Result "1-0"]
[WhiteElo "2411"]
[BlackElo "2307"]
[PlyCount "151"]
[EventDate "2021.??.??"]
[EventType "blitz"]

1. e4 e5 2. Nf3 d5 3. exd5 e4 4. Qe2 Nf6 5. Nc3 Be7 6. Nxe4 Nxd5 7. d3 O-O 8.
Qd1 c5 9. Be2 Nc6 10. O-O f5 11. Nc3 Be6 12. Bd2 h6 13. Nxd5 Qxd5 14. Bc3 Bf6
15. Re1 Rad8 16. Qd2 f4 17. a3 Bd4 18. b4 cxb4 19. axb4 a6 20. Nxd4 Nxd4 21.
Bxd4 Qxd4 22. Bf3 Bd5 23. c3 Qb6 24. Bxd5+ Rxd5 25. d4 f3 26. g3 Qg6 27. Re5
Rxe5 28. dxe5 Qf5 29. Qd5+ Kh8 30. Kh1 Qc2 31. Qc5 Re8 32. Re1 Qf5 33. Qe3 Re6
34. c4 Qf7 35. c5 Qf8 36. Qe4 Qf7 37. h3 Qf8 38. Kh2 Qf7 39. Re3 Qf8 40. Rxf3
Qe7 41. Rd3 Rxe5 42. Qf4 Qe8 43. Rf3 Re7 44. Qf8+ Qxf8 45. Rxf8+ Kh7 46. Rf4
Re2 47. Kg2 Rb2 48. Kf3 Ra2 49. g4 Rb2 50. Kg2 Rb3 51. h4 Rb2 52. Kg3 Rb3+ 53.
f3 Rb2 54. h5 Rb3 55. Re4 Rb2 56. Rf4 Rb3 57. Re4 Rb2 58. Kf4 Rb1 59. Ke5 Rb2
60. Kd6 Rxb4 61. Kc7 a5 62. Kd6 Rxe4 63. fxe4 a4 64. Kc7 a3 65. Kxb7 a2 66. c6
a1=Q 67. c7 Qc1 68. c8=Q Qxc8+ 69. Kxc8 Kg8 70. Kd7 Kf7 71. Kd6 Kf8 72. e5 Kg8
73. e6 Kf8 74. e7+ Ke8 75. Ke6 g6 76. g5 {Time forfeit} 1-0

[Event "Rated Blitz tournament 1jhjli3A"]
[Site "?"]
[Date "2021.07.14"]
[Round "?"]
[White "PejuangBKD"]
[Black "dr_xStranger"]
[Result "0-1"]
[WhiteElo "2425"]
[BlackElo "2532"]
[PlyCount "48"]
[EventDate "2021.??.??"]
[EventType "blitz"]

1. e4 e5 2. Nf3 d5 3. exd5 e4 4. Qe2 Nf6 5. Nc3 Be7 6. Nxe4 O-O 7. d3 Re8 8.
Bd2 Nxd5 9. O-O-O f5 10. Nc3 Nxc3 11. Bxc3 Bg5+ 12. Kb1 Rxe2 13. Bxe2 Bf6 14.
d4 Be6 15. d5 Bf7 16. Ne5 Bxe5 17. Bxe5 Nd7 18. Bf4 Nf6 19. c4 Qe7 20. Bd3 Rd8
21. Bxf5 Bg6 22. Bxg6 hxg6 23. Rhe1 Qd7 24. b3 Qf5+ {Normal} 0-1

[Event "Rated Blitz game"]
[Site "?"]
[Date "2021.07.14"]
[Round "?"]
[White "Tim1991"]
[Black "Jomajo"]
[Result "0-1"]
[WhiteElo "2500"]
[BlackElo "2608"]
[PlyCount "94"]
[EventDate "2021.??.??"]
[EventType "blitz"]

1. e4 e5 2. Nf3 d5 3. exd5 e4 4. Qe2 Qe7 5. Nd4 Nf6 6. d3 exd3 7. Qxe7+ Bxe7 8.
Bxd3 Nxd5 9. a3 O-O 10. O-O Bf6 11. Ne2 Re8 12. c3 Nd7 13. Nf4 N5b6 14. Nh5 Be5
15. f4 Bd6 16. Nd2 Nc5 17. Bc2 Bg4 18. Ng3 a5 19. Nde4 Bf8 20. f5 Be2 21. Re1
Bd3 22. Bxd3 Nxd3 23. Re2 a4 24. f6 g6 25. Be3 Nc4 26. Bf2 h5 27. Rd1 Nf4 28.
Ree1 Rad8 29. Nc5 Bxc5 30. Bxc5 b6 31. Be7 Rd3 32. Ne4 Nxb2 33. Rxd3 Nfxd3 34.
Re3 Ra8 35. Ng5 Nf4 36. h4 Nd5 37. Re5 Nxc3 38. Bb4 Nd3 39. Re7 Nxb4 40. Rxf7
Ne2+ 41. Kf2 Nf4 42. Rg7+ Kf8 43. Nh7+ Ke8 44. f7+ Kd7 45. f8=Q+ Ke6 46. Qxa8
Nfd3+ 47. Kg1 Nc5 {Time forfeit} 0-1

[Event "Rated Blitz game"]
[Site "?"]
[Date "2021.07.14"]
[Round "?"]
[White "PADILLON"]
[Black "ahoramahora"]
[Result "1-0"]
[WhiteElo "2427"]
[BlackElo "2364"]
[PlyCount "24"]
[EventDate "2021.??.??"]
[EventType "blitz"]

1. e4 e5 2. Nf3 d5 3. Nxe5 Bd6 4. d4 dxe4 5. Qe2 Bb4+ 6. c3 Qxd4 7. Nc4 Be6 8.
Ncd2 Qe5 9. cxb4 f5 10. Nc3 Nf6 11. Nc4 Qd4 12. Be3 Qd7 {Normal} 1-0

[Event "Rated Blitz game"]
[Site "?"]
[Date "2021.07.14"]
[Round "?"]
[White "Culapio"]
[Black "Almalik25"]
[Result "1-0"]
[WhiteElo "2417"]
[BlackElo "2322"]
[PlyCount "45"]
[EventDate "2021.??.??"]
[EventType "blitz"]

1. e4 e5 2. Nf3 d5 3. exd5 e4 4. Nd4 Nf6 5. c4 Bd6 6. d3 O-O 7. Be2 Qe7 8. Be3
a6 9. O-O Re8 10. Nc3 h6 11. dxe4 Nxe4 12. Nxe4 Qxe4 13. Bf3 Qg6 14. Qc2 Qf6
15. c5 Be5 16. Rfe1 g5 17. Rad1 Kg7 18. c6 b6 19. b4 a5 20. b5 a4 21. a3 Rh8
22. Be4 h5 23. Bf5 {Normal} 1-0

[Event "Rated Blitz tournament ZQJjUVIu"]
[Site "?"]
[Date "2021.07.14"]
[Round "?"]
[White "platAB"]
[Black "Maltinho"]
[Result "0-1"]
[WhiteElo "2325"]
[BlackElo "2525"]
[PlyCount "27"]
[EventDate "2021.??.??"]
[EventType "blitz"]

1. e4 e5 2. Nf3 d5 3. exd5 Bd6 4. Qe2 Nf6 5. Nc3 O-O 6. d3 c6 7. dxc6 Nxc6 8.
Bg5 Bg4 9. h3 Nd4 10. Qd1 Bxf3 11. gxf3 Bb4 12. Rg1 Rc8 13. Bd2 Nd5 14. Nxd5 {
Normal} 0-1

[Event "Rated Blitz tournament 1jhjli3A"]
[Site "?"]
[Date "2021.07.14"]
[Round "?"]
[White "Sengdorzh"]
[Black "dr_xStranger"]
[Result "0-1"]
[WhiteElo "2451"]
[BlackElo "2546"]
[PlyCount "56"]
[EventDate "2021.??.??"]
[EventType "blitz"]

1. e4 e5 2. Nf3 d5 3. Nxe5 Bd6 4. d4 dxe4 5. Nc4 Nf6 6. Nc3 O-O 7. Bg5 Re8 8.
Be2 h6 9. Bh4 Nc6 10. Ne3 Bf4 11. Ncd5 g5 12. Nxf4 gxf4 13. Nc4 f3 14. d5 fxe2
15. Qxe2 Nd4 16. Qd2 Nf5 17. Bxf6 Qxf6 18. O-O-O Qg5 19. Ne3 Nxe3 20. fxe3 Bg4
21. Rdf1 Rad8 22. c4 c6 23. d6 Be6 24. Qd4 c5 25. Qxe4 Rxd6 26. Rd1 Red8 27.
Rxd6 Rxd6 28. h4 Qg4 {Normal} 0-1

[Event "Rated Blitz game"]
[Site "?"]
[Date "2021.07.14"]
[Round "?"]
[White "juliopovsky"]
[Black "annaly1979"]
[Result "1/2-1/2"]
[WhiteElo "2404"]
[BlackElo "2399"]
[PlyCount "109"]
[EventDate "2021.??.??"]
[EventType "blitz"]

1. e4 e5 2. Nf3 d5 3. Nxe5 Qe7 4. d4 f6 5. Nd3 Nc6 6. e5 Nxd4 7. f4 Bf5 8. c3
Nc6 9. Qf3 Bxd3 10. Bxd3 fxe5 11. Qxd5 exf4+ 12. Kf2 Nf6 13. Qf3 O-O-O 14. Bxf4
h5 15. Re1 Qc5+ 16. Kf1 Bd6 17. Bxd6 Qxd6 18. Bf5+ Kb8 19. Kg1 Rhf8 20. Qg3
Qc5+ 21. Qf2 Qxf2+ 22. Kxf2 Ng4+ 23. Kg3 Rxf5 24. h3 Nf6 25. Na3 Rd2 26. Nc4
Rg5+ 27. Kf4 Rdxg2 28. Rad1 b5 29. Ne3 R2g3 30. Nf5 Rxf5+ 31. Kxf5 Rxh3 32. Re6
Rg3 33. Rxc6 h4 34. a4 bxa4 35. Rc4 h3 36. Rxa4 Rg2 37. Rb4+ Kc8 38. Rh1 h2 39.
Rh4 Rf2+ 40. Kg6 Rg2+ 41. Kf7 Ng4 42. Rd1 Nf2 43. Rd2 g5 44. Rh8+ Kb7 45. Rd4
g4 46. Rb4+ Kc6 47. Rh6+ Kd7 48. Rd4+ Kc8 49. Rh8+ Kb7 50. Rb4+ Kc6 51. Rh6+
Kd5 52. Rd4+ Kc5 53. Rh5+ Kb6 54. Rb4+ Kc6 55. Rh6+ {Normal} 1/2-1/2

[Event "Rated Blitz game"]
[Site "?"]
[Date "2021.07.14"]
[Round "?"]
[White "Kabila"]
[Black "KamranShirazi"]
[Result "0-1"]
[WhiteElo "2443"]
[BlackElo "2479"]
[PlyCount "48"]
[EventDate "2021.??.??"]
[EventType "blitz"]

1. e4 e5 2. Nf3 d5 3. Nxe5 Bd6 4. d4 dxe4 5. Nc3 Bxe5 6. dxe5 Qxd1+ 7. Kxd1
Bg4+ 8. Be2 Bxe2+ 9. Kxe2 Nc6 10. Bf4 Nd4+ 11. Kf1 O-O-O 12. Nxe4 Ne7 13. c3
Ne6 14. Bg5 Rd7 15. Bxe7 Rxe7 16. Rd1 Rhe8 17. Ng3 Nf4 18. Ne2 Nxe2 19. Kxe2
Rxe5+ 20. Kd2 Re2+ 21. Kc1 Rxf2 22. Rhf1 Ree2 23. Rxf2 Rxf2 24. Rg1 Kd7 {Normal
} 0-1

[Event "Rated Blitz game"]
[Site "?"]
[Date "2021.07.14"]
[Round "?"]
[White "worldmagnetx01"]
[Black "elrond"]
[Result "1-0"]
[WhiteElo "2440"]
[BlackElo "2419"]
[PlyCount "101"]
[EventDate "2021.??.??"]
[EventType "blitz"]

1. e4 e5 2. Nf3 d5 3. Nc3 dxe4 4. Nxe4 Nf6 5. Qe2 Nc6 6. c3 Be7 7. d3 O-O 8.
Be3 Re8 9. Qc2 Bf5 10. Be2 Qd7 11. O-O Rad8 12. Rad1 h6 13. Rfe1 a6 14. Nfd2
Qe6 15. Qb3 Qxb3 16. axb3 Bg6 17. f3 Nh5 18. Nc4 b6 19. Bf1 f5 20. Nf2 Nf6 21.
b4 Bf7 22. g3 g5 23. g4 f4 24. Bc1 Kg7 25. Ne4 Bxc4 26. Nxf6 Bxf6 27. dxc4 Rd6
28. Rxd6 cxd6 29. Bd3 Ra8 30. Be4 Rc8 31. Rd1 Be7 32. Bd2 Kf6 33. Be1 Ke6 34.
Bf2 b5 35. Bf5+ Kf6 36. Bxc8 bxc4 37. Bb7 Nd8 38. Bd5 h5 39. gxh5 g4 40. fxg4
Kg5 41. Bf3 Ne6 42. h4+ Kh6 43. g5+ Bxg5 44. hxg5+ Nxg5 45. Bg4 e4 46. Rxd6+
Kh7 47. Bd4 f3 48. Bf5+ Kg8 49. Bg6 Ne6 50. Rxe6 a5 51. Re8# {Normal} 1-0

[Event "Rated Blitz game"]
[Site "?"]
[Date "2021.07.14"]
[Round "?"]
[White "eruge2020"]
[Black "magos33"]
[Result "0-1"]
[WhiteElo "2302"]
[BlackElo "2449"]
[PlyCount "110"]
[EventDate "2021.??.??"]
[EventType "blitz"]

1. e4 e5 2. Nf3 d5 3. exd5 e4 4. Nd4 Qxd5 5. Nb3 Nf6 6. Nc3 Qe5 7. h3 Bd6 8.
Qe2 a6 9. d4 exd3 10. Qxe5+ Bxe5 11. Bxd3 O-O 12. O-O Nc6 13. a3 Bxc3 14. bxc3
Be6 15. Nc5 Bc8 16. Bf4 Nd5 17. Bg3 b6 18. Nb3 Nxc3 19. Bxc7 Nd5 20. Bg3 Be6
21. Rfe1 Rfc8 22. Be4 Nc3 23. Bf3 Bd5 24. Bxd5 Nxd5 25. Rad1 Nc3 26. Rd7 Re8
27. Rxe8+ Rxe8 28. Rc7 Ne2+ 29. Kh2 Nxg3 30. Kxg3 Ne5 31. Ra7 a5 32. a4 Nc4 33.
Rc7 Nd6 34. Nd4 Ne4+ 35. Kf3 h5 36. Rc6 Nc5 37. Rxb6 Nxa4 38. Ra6 Re5 39. Kf4
Rc5 40. g4 hxg4 41. hxg4 Nc3 42. Ra8+ Kh7 43. Nf3 Nd5+ 44. Kg3 Nf6 45. g5 Nh5+
46. Kg4 g6 47. Ra7 Kg7 48. c3 Rc4+ 49. Kh3 Rxc3 50. Kg2 Rc5 51. Ra6 Nf4+ 52.
Kg3 Ne6 53. Kg2 Nxg5 54. Nxg5 Rxg5+ 55. Kf1 Rb5 {Time forfeit} 0-1

[Event "Rated Blitz game"]
[Site "?"]
[Date "2021.07.14"]
[Round "?"]
[White "ak61"]
[Black "GoughPhar"]
[Result "0-1"]
[WhiteElo "2587"]
[BlackElo "2398"]
[PlyCount "36"]
[EventDate "2021.??.??"]
[EventType "blitz"]

1. e4 e5 2. Nf3 d5 3. exd5 e4 4. Qe2 Nf6 5. d3 Qxd5 6. Nbd2 Bg4 7. dxe4 Qh5 8.
Qb5+ Nbd7 9. Qxh5 Bxh5 10. h3 Bd6 11. Bd3 O-O-O 12. Nc4 Nc5 13. Nxd6+ Rxd6 14.
Bf4 Rxd3 15. cxd3 Nxd3+ 16. Kd2 Nxf4 17. Ke3 Nxg2+ 18. Ke2 Re8 {Normal} 0-1

[Event "Rated Blitz game"]
[Site "?"]
[Date "2021.07.14"]
[Round "?"]
[White "Powerqueretaro"]
[Black "KamranShirazi"]
[Result "1-0"]
[WhiteElo "2362"]
[BlackElo "2477"]
[PlyCount "99"]
[EventDate "2021.??.??"]
[EventType "blitz"]

1. e4 e5 2. Nf3 d5 3. exd5 e4 4. Ne5 Qxd5 5. d4 exd3 6. Nxd3 Bd6 7. Nc3 Qf5 8.
Be2 Nc6 9. Be3 Nf6 10. Bf3 Ne5 11. Nxe5 Bxe5 12. O-O O-O 13. Re1 c6 14. Ne2
Bxb2 15. Rb1 Be5 16. Ng3 Bxg3 17. hxg3 Nd5 18. Bxd5 Qxd5 19. Qxd5 cxd5 20. Bc5
Rd8 21. Re7 b6 22. Bd4 Ba6 23. Rbe1 Bc4 24. a3 Kf8 25. Rc7 Re8 26. Rxe8+ Kxe8
27. Bxg7 Kd8 28. Rxf7 Rc8 29. Rxa7 Bb5 30. c3 Rc6 31. Bd4 h5 32. Rb7 Bd3 33.
Rxb6 Rc7 34. Rh6 Rh7 35. Rxh7 Bxh7 36. a4 Kc7 37. a5 Kb7 38. f3 Bf5 39. Kh2 Ka6
40. Kg1 Kxa5 41. Kf2 Kb5 42. Ke3 Kc6 43. Kf4 Bg6 44. Kg5 Be8 45. Kf6 Kd6 46. f4
Bd7 47. Kg6 Bg4 48. f5 Ke7 49. f6+ Ke6 50. f7 {Normal} 1-0

[Event "Rated Blitz game"]
[Site "?"]
[Date "2021.07.14"]
[Round "?"]
[White "Amir1302"]
[Black "rofaidah"]
[Result "1-0"]
[WhiteElo "2416"]
[BlackElo "2420"]
[PlyCount "59"]
[EventDate "2021.??.??"]
[EventType "blitz"]

1. e4 e5 2. Nf3 d5 3. Nxe5 Qe7 4. d4 f6 5. Nf3 dxe4 6. Nfd2 Nc6 7. c3 Bf5 8.
Bb5 O-O-O 9. O-O g5 10. Bxc6 bxc6 11. Qa4 e3 12. Nc4 Bd3 13. Qa6+ Kd7 14. Ne5+
fxe5 15. Qxd3 exf2+ 16. Rxf2 e4 17. Qh3+ Kd6 18. Na3 c5 19. Be3 Kc6 20. dxc5 h5
21. b4 g4 22. b5+ Kb7 23. Qg3 Bh6 24. c6+ Kb8 25. Bxh6 Nxh6 26. Nc2 Rd3 27. Qf4
Rxc3 28. Re1 Qc5 29. Qxe4 g3 30. Qe8+ {Normal} 1-0

[Event "Rated Blitz game"]
[Site "?"]
[Date "2021.07.14"]
[Round "?"]
[White "VuskyM"]
[Black "magos33"]
[Result "0-1"]
[WhiteElo "2418"]
[BlackElo "2443"]
[PlyCount "40"]
[EventDate "2021.??.??"]
[EventType "blitz"]

1. e4 e5 2. Nf3 d5 3. exd5 e4 4. Qe2 Nf6 5. d3 Be7 6. dxe4 O-O 7. Nc3 Re8 8.
Bg5 h6 9. Bh4 Nxe4 10. Nxe4 Bxh4 11. Nxh4 Nd7 12. Nf3 f5 13. O-O-O fxe4 14. Nd4
Nf6 15. Nb5 Bg4 16. Qc4 Bxd1 17. d6+ Kh8 18. dxc7 Qd7 19. f3 exf3 20. Bd3 Be2 {
Normal} 0-1

[Event "Rated Rapid game"]
[Site "?"]
[Date "2021.07.14"]
[Round "?"]
[White "hepatia"]
[Black "Dr_Lenk"]
[Result "1-0"]
[WhiteElo "2504"]
[BlackElo "2329"]
[PlyCount "69"]
[EventDate "2021.??.??"]
[EventType "rapid"]

1. e4 e5 2. Nf3 d5 3. exd5 e4 4. Qe2 Nf6 5. d3 Qxd5 6. Nbd2 Nc6 7. dxe4 Qe6 8.
Qc4 Bb4 9. c3 Ba5 10. Ng5 Qxc4 11. Bxc4 Ne5 12. f4 Nxc4 13. Nxc4 Bb6 14. Be3 h6
15. e5 Nd5 16. Bxb6 axb6 17. Ne4 Nxf4 18. O-O Be6 19. Ncd6+ cxd6 20. Nxd6+ Ke7
21. Rxf4 Rxa2 22. Nf5+ Ke8 23. Nxg7+ Ke7 24. Nf5+ Ke8 25. Rxa2 Bxa2 26. Ra4 Bb1
27. Ra8+ Kd7 28. Rxh8 Bxf5 29. Rxh6 Bg6 30. h4 Kc7 31. e6 Kd8 32. h5 Bf5 33.
exf7 Ke7 34. f8=Q+ Kxf8 35. Rf6+ {Normal} 1-0

[Event "Rated Blitz game"]
[Site "?"]
[Date "2021.07.14"]
[Round "?"]
[White "Lex6699"]
[Black "Fantastic_power06"]
[Result "0-1"]
[WhiteElo "2543"]
[BlackElo "2699"]
[PlyCount "28"]
[EventDate "2021.??.??"]
[EventType "blitz"]

1. e4 e5 2. Nf3 d5 3. Nc3 dxe4 4. Nxe4 f5 5. Nc3 e4 6. Ng1 Nf6 7. d3 Nc6 8.
dxe4 Qxd1+ 9. Nxd1 fxe4 10. Bd2 Be6 11. Ne3 O-O-O 12. O-O-O Bc5 13. Kb1 Bxe3
14. fxe3 Ng4 {Normal} 0-1

[Event "Rated Blitz game"]
[Site "?"]
[Date "2021.07.14"]
[Round "?"]
[White "Abouyahya1983"]
[Black "Jomajo"]
[Result "0-1"]
[WhiteElo "2650"]
[BlackElo "2616"]
[PlyCount "58"]
[EventDate "2021.??.??"]
[EventType "blitz"]

1. e4 e5 2. Nf3 d5 3. Nxe5 Bd6 4. d4 dxe4 5. Nc4 Nc6 6. Nc3 f5 7. d5 Ne5 8.
Nxd6+ cxd6 9. Bb5+ Bd7 10. O-O Nf6 11. a4 O-O 12. Bg5 h6 13. Bxf6 Qxf6 14. Ne2
f4 15. Bxd7 Nxd7 16. Nd4 f3 17. g3 Qg6 18. Kh1 Qg4 19. Rg1 Rae8 20. Qf1 Re5 21.
Rd1 Rh5 22. Ne6 Rff5 23. Nf4 Nf6 24. Nxh5 Rxh5 25. Rd4 Rh3 26. Rc4 Qh5 27. Rg2
Ng4 28. Rc8+ Kh7 29. Kg1 Rxh2 {Normal} 0-1

[Event "Rated Blitz game"]
[Site "?"]
[Date "2021.07.14"]
[Round "?"]
[White "Ringetaber"]
[Black "reza678"]
[Result "1-0"]
[WhiteElo "2438"]
[BlackElo "2315"]
[PlyCount "77"]
[EventDate "2021.??.??"]
[EventType "blitz"]

1. e4 e5 2. Nf3 d5 3. exd5 e4 4. Ne5 Qe7 5. Nc4 Nf6 6. Nc3 Bg4 7. Be2 h5 8. h3
Bf5 9. Ne3 Bg6 10. O-O Nbd7 11. d4 O-O-O 12. Nb5 a6 13. Na3 Nb6 14. c4 Qd7 15.
Bd2 Qa4 16. Nac2 Be7 17. b3 Qd7 18. a4 Kb8 19. a5 Nc8 20. b4 c6 21. dxc6 Qxc6
22. d5 Qc7 23. Nd4 Ka8 24. Rc1 Rhe8 25. b5 Bc5 26. Nb3 Bxe3 27. Bxe3 Nd6 28.
Bb6 Qe7 29. bxa6 Rc8 30. c5 Nf5 31. axb7+ Qxb7 32. c6 Qe7 33. Ba6 Rb8 34. Nc5
e3 35. Bb7+ Rxb7 36. cxb7+ Kb8 37. Na6+ Kxb7 38. Rc7+ Kxa6 39. Qd3# {Normal}
1-0

[Event "Rated Blitz game"]
[Site "?"]
[Date "2021.07.14"]
[Round "?"]
[White "phscha"]
[Black "GrandeGila"]
[Result "1-0"]
[WhiteElo "2366"]
[BlackElo "2501"]
[PlyCount "59"]
[EventDate "2021.??.??"]
[EventType "blitz"]

1. e4 e5 2. Nf3 d5 3. d4 dxe4 4. Nxe5 Bd6 5. Nc4 Nc6 6. Nc3 Bb4 7. d5 Nce7 8.
Ne3 Nf6 9. Bc4 O-O 10. O-O Bc5 11. Re1 Re8 12. a3 a6 13. b4 Bd6 14. Bb2 Be5 15.
Qd2 b5 16. Bb3 Bb7 17. Rad1 Qd6 18. h3 Rad8 19. Ba1 Bf4 20. Qd4 Ng6 21. Nf5 Qd7
22. g4 Be5 23. Qe3 Bxc3 24. Bxc3 Nxd5 25. Bxd5 Bxd5 26. Bxg7 Ne5 27. Bxe5 Rxe5
28. Qg5+ Kf8 29. Qg7+ Ke8 30. Qg8# {Normal} 1-0